Deutsche Lieder nach Buchstabe - B - Statistiken

Allgemein
  • Dieses Quiz wurde 431 mal gespielt
  • Das Durchschnittsergebnis liegt bei 6 aus 18
Antwortstatistiken
Titel Interpret % Korrekt
Bochum Herbert Grönemeyer
81%
Bilder im Kopf Sido
78%
Blau blüht der Enzian Heino
71%
Bruttosozialprodukt Geier Sturzflug
57%
Ba-Ba-Banküberfall EAV
55%
Bye Bye Cro
50%
Boomerang Blümchen
43%
Bodo mit dem Bagger Mike Krüger
41%
Barfuß am Klavier AnnenMayKantereit
40%
Beinhart Torfrock
40%
Blaue Augen Ideal
17%
Brenna tuats guat Hubert von Goisern
15%
Bilder von dir Laith Al-Deen
15%
Bis zum Schluss Curse mit Silbermond
10%
Bungalow Bilderbuch
9%
Bitte brich mein Herz nicht Baby Left Boy
4%
Besser mit dir Jeanette Biedermann
3%
Bis es weh tut Luxuslärm feat. Max Mutzke
3%
Keine übereinstimmenden Quizze gefunden
Verteilung der Resultate
Anzahl Personen mit jedem Resultat
Perzentil nach korrekt beantworteten Fragen
Ihre Resultats-Entwicklung
Sie haben dieses Quiz noch nicht gespielt